000
00327nam a2200133Ia 4500
008
150201s2008 xx 000 0 und d
082
_a
612.015
_b
C08M
100
_a
MARSHALL,WILLIAM J
245
_a
CLINICAL BIOCHEMISTRY
250
_a
6TH
260
_b
MOSBY ELSEVIER
_a
DELHI
_c
2008
650
_a
BIOCHEMISTRY
942
_2
ddc
_c
BK
_0
2
999
_c
705
_d
705